000 00828nam a2200241Ia 4500
003 OSt
005 20251110121843.0
008 220923b |||||||| |||| 00| 0 eng d
020 _a0521440777
037 _cGeneral Book
040 _aRTL
_cRTL
_beng
041 _2eng
_aeng
084 _aY:3(P), N3
_qRTL
100 _aStromberg. Peter G.
_9249455
245 0 _aLanguage and self-transformation: a study of the christian conversion narrative
_b
260 _aCambridge
_bCambridge University Press
_c1993
300 _axvi, 148 p.
_bIncludes bibliographical references and index.
490 _aSociety for Psychological Anthropology, Publication,5
500 _aBibliography: P 138-44
650 _aSociology of Language
_9231513
942 _hY:3(P), N3
_cGB
_2CC
_n0
999 _c494228
_d494228